000 00840nam a2200241 i 4500
001 60172
003 ES-MaACL
005 20250827062611.0
007 t|
008 031103s1986 sp ||||1| spa d
110 1 _aEspaña
_93622
240 0 _aLeyes, etc., de universidad
245 1 0 _aLegislación universitaria.
260 _aMadrid :
_bTecnos,
_c[1986]
300 _a2 v. ;
_c24 cm.
500 _aIndices.
505 8 _aContiene: T. I.: Normativa general y autonómica / edición preparada por Antonio Embid Irujo. -- T. II.: Estatutos de las universidades / edición preparada por José Ramón Codina Vallverdu
700 1 _aEmbid Irujo, Antonio.
_947138
700 1 _aCodina Vallverdu, José Ramón.
_939436
740 0 _aLeyes, etc., de universidad.
852 _aES-MaACL
_jL-9596-7
_bR.111880
999 _c60172
_d60172